书目信息 |
| 题名: |
艾滋病的分子生物学及治疗
|
|
| 作者: | 常俊标 | |
| 分册: | ||
| 出版信息: | 北京 科学出版社 2001 |
|
| 页数: | 399 | |
| 开本: | 20cm | |
| 丛书名: | ||
| 单 册: | ||
| 中图分类: | R512.91 | |
| 科图分类: | ||
| 主题词: | 传染病 | |
| 电子资源: | ||
| ISBN: | 7-03-008752-6 | |
| 000 | 00536nam0 2200181 450 | |
| 001 | 0741144344 | |
| 005 | 20070817112544.34 | |
| 010 | @a7-03-008752-6@b精装@d¥32.00 | |
| 100 | @a20070817d km y0chiy0120 ea | |
| 101 | 0 | @achi |
| 200 | 1 | @a艾滋病的分子生物学及治疗@Aai zi bing de fen zi sheng wu xue ji zhi liao@f常俊标@Fchang jun biao |
| 210 | @a北京@c科学出版社@d2001 | |
| 215 | @a399@d20cm | |
| 606 | 0 | @a传染病 |
| 690 | @aR512.91@v3 | |
| 701 | 0 | @a常俊标@Achang jun biao |
| 801 | 0 | @aCN@bPFT@c20070817 |
| 905 | @a213230@dR512.91@en1@f1 | |
| 艾滋病的分子生物学及治疗/常俊标.-北京:科学出版社,2001 |
| 399;20cm |
| ISBN 7-03-008752-6(精装):¥32.00 |
| ● |
| 相关链接 |
|
|
|
|
正题名:艾滋病的分子生物学及治疗
索取号:R512.91/n1
 
预约/预借
| 序号 | 登录号 | 条形码 | 馆藏地/架位号 | 状态 | 备注 |
| 1 | 6600928 | 266009286 | 密集书库-生命科学系/ [索取号:R512.91/n1] | 在馆 |